| 000 | 01195pam a2200337 a 4500 | ||
|---|---|---|---|
| 005 | 20260322212031.0 | ||
| 008 | data | ||
| 010 | _a 98007031 | ||
| 020 | _a0736800336 (lib. bdg.) | ||
| 020 | _a9780736800334 (lib. bdg.) | ||
| 040 |
_aDLC _cDLC _dDLC |
||
| 042 | _alcac | ||
| 050 | 0 | 0 |
_aTH9119 _b.G65 1999 |
| 082 | 0 | 0 |
_a363.37/023 _221 |
| 092 | _a363.37 Gol 1999 | ||
| 100 | 1 | _aGoldberg, Jan. | |
| 245 | 1 | 0 |
_aFire fighter / _cJan Goldberg. |
| 260 |
_aMankato, Minn. : _bCapstone High/Low Books, _cc1999. |
||
| 300 |
_a48 p. : _bcol. ill. ; _c23 cm. |
||
| 490 | 1 | _aCareers without college | |
| 504 | _aIncludes bibliographical references (p. 45) and index. | ||
| 520 | _aOutlines the educational requirements, duties, salary, employment outlook, and possible future positions for fire fighters. | ||
| 650 | 0 |
_aFire extinction _xJuvenile literature. _xJuvenile literature. |
|
| 650 | 0 |
_aFire prevention _xJuvenile literature. _xJuvenile literature. |
|
| 650 | 0 |
_aFire fighters _xJuvenile literature. |
|
| 650 | 1 |
_aFire extinction _xVocational guidance. |
|
| 650 | 1 | _aFire fighters. | |
| 650 | 1 | _aVocational guidance. | |
| 830 | 0 | _aCareers without college (Mankato, Minn.) | |
| 001 | data | ||
| 999 |
_c722 _d722 |
||